Dark Souls - Statistics

General Stats
  • This quiz has been taken 2,650 times
    2,644 since last reset
  • The average score is 14 of 37
Answer Stats
Hint Answer % Correct
Hated dragons and magic and made his armor from rock Havel the Rock
89%
Gwyn's Title Lord of Cinder
83%
Went insane after trying to find the secret to unlocking immortality Seath the Scaleless
81%
Traversed the Abyss and made a covenant with the Four Kings Artorias the Abysswalker
80%
Locked himself in his father's tomb and was raised as a woman Gwyndolin
75%
Captain of the four knights of Gwyn Dragonslayer Ornstein
74%
The dwelling place of Crossbreed Priscilla Painted World of Ariamis
73%
The armor of this land resembles the shape of an onion Catarina
66%
The archer who served as one of Gwyn's four knights Hawkeye Gough
60%
Guardian of the Second Bell of Awakening Chaos Witch Quelaag
57%
The wife of Gwyn, the Goddess of Sin and Punishment Velka
57%
One of the Lords, this one so easily forgotten Furtive Pygmy
52%
Birthplace of the curious merchant Domnhall Zena
47%
City where Pyromancy was born Izalith
34%
This Darkwraith turned Chaos Servant is feared for his lethal armor Knight Kirk of Thorns
34%
Symbolic animal of Lord's Blade Ciaran Hornet
32%
The birthplace of all demons Bed of Chaos
31%
The weapon of the Crossbreed Priscilla that even the Gods feared Lifehunt Scythe
31%
A loathsome parasite which emanates blinding light but is immobile Sunlight Maggot
31%
A skeleton blacksmith deep within the Catacombs Blacksmith Vamos
30%
The two Primordial Serpents who can still be found in Lordran Kaathe, Frampt
28%
In one word, the crime of Smough that forfeited his potential as one of the Four Knights Cannibalism
27%
The witches' brother whose sores were inflamed with lava Ceaseless Discharge
26%
Undead paladin of the Way of White Paladin Leeroy
26%
The leader of the Forest Hunter Covenant within Darkroot Garden Alvina
24%
An evil beast that once assaulted the land of Astora whose spirit is imprisoned in a ring The Evil Eye
24%
Faceless stone beasts that continue to roam Lordran today Titanite Demon
19%
The ancient land whose sorcery was greater than that of Vinheim Oolacile
15%
The Prince of Astora who presides in Sen's Fortress Prince Ricard
14%
The title of the sorcerers who flooded New Londo Sealers
12%
Went to see Gwyndolin and recieved a unique set of armor to hide their hideous form Darkmoon Knightess
11%
Land of the Knight King Rendal Balder
10%
The pyromancer banished from the Great Swamp who serves the Fair Lady Eingyi
9%
Goddess of whom Lautrec has earned favor and protection Fina
9%
The legendary exiled king from the East Xanthous King Jeremiah
8%
The God who Gwynevere married after forsaking Anor Londo Flame God Flann
7%
The core of the Iron Golem who stands atop Sen's Fortress Bone of an Everlasting Dragon
4%
No matching quizzes found
Score Distribution
Percent of People with Each Score
Percentile by Number Answered
Your Score History
You have not taken this quiz since the last reset